| 000 | 00621nam a2200217 a 4500 | ||
|---|---|---|---|
| 005 | 20210223125531.0 | ||
| 008 | 041108s1997 mx r 000 0 spa d | ||
| 020 | _a848966630X | ||
| 035 | _aUPN01000136272 | ||
| 049 | _aCG | ||
| 050 | 4 |
_aPQ7797 M2.7 _bA3.3 |
|
| 100 | 1 |
_aMarechal, Leopoldo, _d1900-1970 |
|
| 245 | 1 | 0 |
_aAdán Buenosayres / _cLeopoldo Marechal ; coord. Jorge Lafforgue. |
| 250 | _aEdición crítica | ||
| 260 |
_aMadrid : _bALLCA : _bCNCA, _c1997. |
||
| 300 | _a978 p. | ||
| 440 | 0 |
_aArchivos ; _v31 |
|
| 650 | 4 |
_aLITERATURA ARGENTINA _95070 |
|
| 700 | 1 |
_aLafforgue, Jorge, _ecoord. |
|
| 905 | _aLibro | ||
| 999 |
_c108423 _d108423 |
||